[Event "Kiev Shystarev Memorial 1st"]
[Site "Kiev"]
[Date "2020.08.29"]
[Round "6"]
[White "Chubar, Vladimir"]
[Black "Kordik, Anton"]
[Result "1-0"]
[WhiteElo "1994"]
[BlackElo "1559"]
[PlyCount "117"]
[EventDate "2020.08.25"]
[EventType "swiss"]
[EventRounds "9"]
[EventCountry "UKR"]
[SourceTitle "EXT 2022"]
[Source "ChessBase"]
[SourceDate "2021.10.06"]
[SourceVersion "1"]
[SourceVersionDate "2021.10.06"]
[SourceQuality "1"]

1. d4 Nf6 2. Nc3 d5 3. Bf4 b6 4. Nb5 Na6 5. c4 c6 6. Nc3 e6 7. e3 Bb7 8. Nf3 Nb8 9. cxd5 Nxd5 10. Bg5 Be7 11. Bxe7 Qxe7 12. Rc1 0-0 13. Bc4 Nd7 14. 0-0 Rfd8 15. e4 Nxc3 16. Rxc3 b5 17. Bb3 b4 18. Rc1 e5 19. Qe2 exd4 20. Nxd4 c5 21. Nf5 Qxe4 22. Bxf7+ Kf8 23. Qxe4 Bxe4 24. Nd6 Bd3 25. Rfd1 Ne5 26. Nb7 Rd4 27. Bb3 c4 28. Nc5 Ke7 29. Nxd3 cxd3 30. Rc7+ Kf6 31. g3 a5 32. f4 Ng4 33. Re1 Ra6 34. Ree7 Nh6 35. Rxg7 d2 36. Rgd7 Nf5 37. g4 Rxd7 38. Rxd7 Ne3 39. Rxd2 Nxg4 40. h3 Nh6 41. Rd7 a4 42. Bc4 Rc6 43. b3 Nf5 44. Rxh7 axb3 45. axb3 Rd6 46. Kf2 Rd2+ 47. Kf3 Rb2 48. Ke4 Nd6+ 49. Kd5 Nxc4 50. Kxc4 Rf2 51. Rh4 Kf5 52. Kxb4 Ke4 53. Kb5 Kf3 54. Rh8 Rb2 55. b4 Kxf4 56. h4 Kf5 57. h5 Kf6 58. h6 Rh2 59. Kb6 1-0